Reader's digest condensed books : (Record no. 1536)
[ view plain ]
| 000 -CABECERA | |
|---|---|
| campo de control de longitud fija | 00646cam a2200193 a 4500 |
| 001 - NÚMERO DE CONTROL | |
| campo de control | 000001649 |
| 005 - FECHA Y HORA DE LA ÚLTIMA TRANSACCIÓN | |
| campo de control | 20200929145641.0 |
| 008 - DATOS DE LONGITUD FIJA--INFORMACIÓN GENERAL | |
| campo de control de longitud fija | 740726s1968 nyua 001 0 eng |
| 040 ## - FUENTE DE LA CATALOGACIÓN | |
| Centro catalogador/agencia de origen | DO-SdBNP |
| Centro/agencia transcriptor | OClU |
| Centro/agencia modificador | DLC |
| -- | OCoLC |
| -- | DLC |
| -- | NST |
| -- | DLC |
| 050 00 - SIGNATURA TOPOGRÁFICA DE LA BIBLIOTECA DEL CONGRESO | |
| Número de clasificación | AP2 |
| Número de documento/Ítem | .R2553 |
| 082 ## - NÚMERO DE LA CLASIFICACIÓN DECIMAL DEWEY | |
| Número de clasificación | 051 |
| Número de documento/Ítem | R286d |
| 245 00 - MENCIÓN DE TÍTULO | |
| Título | Reader's digest condensed books : |
| Resto del título | autumn selections. |
| 260 ## - PUBLICACIÓN, DISTRIBUCIÓN, ETC. | |
| Lugar de publicación, distribución, etc. | Pleasantville, New York : |
| Nombre del editor, distribuidor, etc. | The Reader's Digst Association, |
| Fecha de publicación, distribución, etc. | 1968. |
| 300 ## - DESCRIPCIÓN FÍSICA | |
| Extensión | v. : |
| Otras características físicas | il. ; |
| Dimensiones | 20 cm. |
| 490 1# - MENCIÓN DE SERIE | |
| Mención de serie | L'evolution de l'humanité |
| 500 ## - NOTA GENERAL | |
| Nota general | La biblioteca posee el volumen 4. |
| 830 #0 - PUNTO DE ACCESO ADICIONAL DE SERIE-TÍTULO UNIFORME | |
| Título uniforme | L'evolution de l'humanité. |
| 9 (RLIN) | 5383 |
| 910 ## - DATOS DE OPCIÓN DEL USUARIO (OCLC) | |
| Datos de opción del usuario | Catalogación por copia / LC |
| Estado de retiro | Estado de pérdida | Restricciones de uso | No para préstamo | Código de colección | Localización permanente | Ubicación/localización actual | Ubicación en estantería | Fecha de adquisición | Número de inventario | Total de préstamos | Signatura topográfica completa | Código de barras | Fecha visto por última vez | Precio válido a partir de | Tipo de ítem Koha |
|---|---|---|---|---|---|---|---|---|---|---|---|---|---|---|---|
| Préstamo interno | Monografías: Libros y Folletos | General | General | En catalogación | 19.09.2009 | LF1 | 051 R286d | 1649-10 | 25.06.2020 | 25.06.2020 | Préstamo interno |
